| 000 | 00386nam a22001337a 4500 | ||
|---|---|---|---|
| 005 | 20180730160533.0 | ||
| 020 |
_a8120318021 _c695.00 |
||
| 035 | _aB-41391,B-041390 | ||
| 037 |
_aDPL _bENG |
||
| 245 | _aManaging a microsoft windows NT Network / | ||
| 260 |
_aNew Dehli _bPrentice-Hall of India _c2001 |
||
| 300 |
_axxii, 829p. _c22 cms. |
||
| 942 |
_2ddc _cEN _h005.43 _mMAN |
||
| 999 |
_c62465 _d62465 |
||